| 000 | 00615nam a2200265Ia 4500 | ||
|---|---|---|---|
| 005 | 20260121170004.0 | ||
| 008 | 008 260114s9999 xx 000 0 eng d | ||
| 020 | _a9789463004299 | ||
| 037 | _aEBOOK | ||
| 040 | _aCRL | ||
| 040 | _beng | ||
| 040 | _cCRL | ||
| 041 | _2eng | ||
| 041 | _aeng | ||
| 084 | _qCRL | ||
| 100 |
_aAnne Reinertsen _91058457 |
||
| 245 | 0 | _aBecoming Earth | |
| 260 | _bSpringer | ||
| 260 | _bSpringer | ||
| 260 | _c2016 | ||
| 856 | _uhttps://link.springer.com/openurl?genre=book&isbn=978-94-6300-429-9 | ||
| 942 | _cEBOOK | ||
| 999 |
_c1624186 _d1624186 |
||